000 00565nam a22002177a 4500
003 UA-OsUOA
001 117810
007 ta
008 20160615b un ||||| |||| 00| 0 ukr d
100 _aБаран У.
090 _a82
_bБ24
942 _cSA
040 _aUA-OsUOA
_bukr
_cUA-OsUOA
_dUA-OsUOA
245 _aНімецький історичний підлітковий роман
300 _aС.70-80
955 _a0
041 _aukr
080 _a82
773 0 _w117805
650 7 _a82 Література. Літературознавство
_2UDC
999 _c403860
_d403860